000
00378nam a2200181Ia 4500
003
0STCL
008
150530s9999 xx 000 0 und d
040
_a
STCL
_c
STCL
100
_a
Chandrasekharan Nair
245
_a
Katannalkkootu
250
_a
1
260
_c
1968
300
_a
0
546
_a
Malayalam
942
_2
ddc
_c
BK
999
_c
49229
_d
49229
005
20220125170759.0